| 000 | 00774cam a2200241 4500 | ||
|---|---|---|---|
| 001 | 659 | ||
| 005 | 20181127161820.0 | ||
| 008 | 030331s2004 nyua b 001 0 eng | ||
| 010 | _a 2003049796 | ||
| 020 | _a0321129717 | ||
| 043 | _an-us--- | ||
| 100 | 1 | _aJudd, Dennis R. | |
| 245 | 1 | 0 |
_aCity politics : _bprivate power and public policy / _cDennis R. Judd, Todd Swanstrom. |
| 250 | _a4th ed. | ||
| 260 |
_aNew York : _bPearson-Longman, _cc2004. |
||
| 300 |
_aviii, 424 p. : _bill. ; _c24 cm. |
||
| 504 | _aIncludes bibliographical references and index. | ||
| 650 | 0 |
_aMunicipal government _zUnited States. |
|
| 650 | 0 |
_aSociology, Urban _zUnited States. |
|
| 650 | 0 |
_aUrban policy _zUnited States. |
|
| 651 | 0 |
_aUnited States _xEconomic policy. |
|
| 700 | 1 | _aSwanstrom, Todd. | |
| 999 |
_c485 _d485 |
||